| 000 | 01696nam a22001577a 4500 | ||
|---|---|---|---|
| 041 | _aukr | ||
| 080 | _a09 | ||
| 090 | _bПАВ | ||
| 100 | _aПавлич, Т. В. | ||
| 245 | _aГендерні стереотипи в англійській літературі 1920-30-х рр. (на матеріалах публіцистики Бернарда Шоу та Вірджинії Вулф) | ||
| 260 |
_aОстрог _bКАФ _c2014 |
||
| 300 | _a60 | ||
| 520 |
_aВступ.
Розділ І. Історичні аспекти творчості Б. Шоу та В. Вулф.
1.1. Жіноча емансипація в кінці ХІХ на початку ХХ ст.
1.2. "Нова література": модернізм як стиль В. Вулф
1.3. "Нова драма": театральна реформа Б. Шоу
Розділ ІІ. Зображення гендерних стереотипів у творах Б. Шоу та В. Вулф.
2.1. Що приховують сторінки пєси Б. Шоу "Будинок, де розбиваються серця"?
2.2. Гендерні стереотипи у професійній діяльності у пєсі "Візок з яблуками" Б. Шоу
2.3. Руйнування гендерних стереотипів у романі В. Вулф "Місіс Делловей"
2.4. Мала проза В. Вулф: глибокі підвалини руйнування стереотипів
Висновки.
Список використаної літератури.
Додатки. _0літературознавство, гендер, В.Вулф, Б.Шоу |
||
| 650 | _aResearch Papers | ||
| 999 |
_c285461 _d285461 |
||
| 942 | _cBK | ||